| 000 | 00444nam a2200157Ia 4500 | ||
|---|---|---|---|
| 003 | LK-CoDNM | ||
| 008 | 010623t1960 xxu||||| |||| 00| 1 eng d | ||
| 040 |
_aLK-CoDNM _dLK-CoDNM _eLK-CoDNM |
||
| 041 | _aeng | ||
| 080 | _a14 GG 19 | ||
| 100 |
_aDevkar.V.L. _eed. |
||
| 245 | _aSculptures from Samalaji and Roda : Museum and Picture Gallery,Baroda | ||
| 260 |
_bGovernment Press _aBaroda _c1960 |
||
| 300 | _bv,136p,pl,ill., 27 cm | ||
| 942 | _cBK | ||
| 999 |
_c105251 _d105251 |
||